Plastics technology advance : 1980 update, Pactec V /
Guardado en:
| Autores Corporativos: | , |
|---|---|
| Formato: | Libro |
| Idioma: | English |
| Publicado: |
[S. l.] :
Society of Plastics Engineers,
[1980]
|
| Materias: | |
| Etiquetas: |
Agregar Etiqueta
Sin Etiquetas, Sea el primero en etiquetar este registro!
|
| LEADER | 01187nam a22002175a 4500 | ||
|---|---|---|---|
| 001 | EIQ.libpla002430 | ||
| 008 | 070612s1980####xx#ao####b####100#0#eng#d | ||
| 005 | 20070612175715.0 | ||
| 245 | 1 | 0 | |a Plastics technology advance : |b 1980 update, Pactec V / |c sponsored by the Western sections of the Society of Plastics Engineers. |
| 260 | |a [S. l.] : |b Society of Plastics Engineers, |c [1980] | ||
| 300 | |a 3 v. : |b il., fotos ; |c 28 cm. | ||
| 504 | |a Incluye referencias bibliográficas. | ||
| 505 | 0 | |a a v. 1. Injection molding I & II; extrusion; mold making. -- v. 2. Coloring and additives; surface finishing and assembly; thermoplastic materials. -- v. 3. Plastics in building; reinforced plastics and composites; structural foams. | |
| 111 | 2 | |a Pacific Technical Conference |n (5th : |d 1980 : |c Los Angeles, Calif.) | |
| 710 | 2 | |a Society of Plastics Engineers. |b Western Sections. | |
| 650 | 4 | |a Plasticos |x Congresos. | |
| 650 | 4 | |a Plastics |x Congresses. | |
| 040 | |a AR-BbSID |b spa |c AR-BbSID | ||
| 859 | |a AR-BbSID |b BIB. PLAPIQUI |h 668.4 |i P 115 |p 2147 |v Vol. 1 |3 Vol. 1 | ||
| 859 | |a AR-BbSID |b BIB. PLAPIQUI |h 668.4 |i P 115 |p 2148 |v Vol. 2 |3 Vol. 2 | ||
| 859 | |a AR-BbSID |b BIB. PLAPIQUI |h 668.4 |i P 115 |p 2149 |v Vol. 3 |3 Vol. 3 | ||
